Mäkké manažérske faktory pri inovatívnom riadení zdravotníckych zariadení
Uplatňovanie inovatívnych prístupov v oblasti mäkkých faktorov riadenia v zariadeniach poskytujúcich zdravotnú starostlivosť na Slovensku z hľadiska metód a nástrojov využívaných pri realizácii vybraných funkcií manažmentu a to vedenia ľudí a riadenia ľudských zdrojov. Tvrdé a mäkké faktory riadenia...
Uložené v:
| Hlavný autor: | |
|---|---|
| Ďalší autori: | , , |
| Médium: | Kapitola |
| Jazyk: | Slovak |
| Predmet: | |
| Tagy: |
Žiadne tagy, Buďte prvý, kto otaguje tento záznam!
|
MARC
| LEADER | 00000naa$a2200000$$$4500 | ||
|---|---|---|---|
| 001 | 0266959 | ||
| 005 | 20240502083800.7 | ||
| 041 | 0 | |a slo | |
| 044 | |a CZ | ||
| 245 | 1 | 0 | |a Mäkké manažérske faktory pri inovatívnom riadení zdravotníckych zariadení |c Nadežda Jankelová, Matej Mucska, Zdenko Papay, Tomáš Valenčík |
| 520 | |a Uplatňovanie inovatívnych prístupov v oblasti mäkkých faktorov riadenia v zariadeniach poskytujúcich zdravotnú starostlivosť na Slovensku z hľadiska metód a nástrojov využívaných pri realizácii vybraných funkcií manažmentu a to vedenia ľudí a riadenia ľudských zdrojov. Tvrdé a mäkké faktory riadenia a inovatívne prístupy v riadení. Prieskum uskutočnení prostredníctvom dotazníkov v 45 zdravotníckych zariadeniach, pričom boli skúmané dve otázky: orientácie manažérov zdravotníckych zariadení v rámci ich riadenia na tvrdé alebo mäkké faktory manažmentu a druhá bola zameraná na zistenie, aký typ vedenia a ktoré inovatívne nástroje v oblasti riadenia ľudských zdrojov majú súvis s dôrazom na mäkké faktory. | ||
| 610 | 2 | 0 | |a riadenie ľudských zdrojov |
| 610 | 2 | 0 | |a vedenie ľudí |
| 610 | 2 | 0 | |a inovácia |
| 610 | 2 | 0 | |a nástroje riadenia |
| 610 | 2 | 0 | |a manažment inovačný |
| 610 | 2 | 0 | |a riadenie strategické |
| 610 | 2 | 0 | |a zariadenia zdravotnícke |
| 610 | 2 | 0 | |a manažéri |
| 610 | 2 | 0 | |a štýl vedenia |
| 610 | 2 | 0 | |a Slovensko |
| 100 | 1 | |a Jankelová, Nadežda, 1966- | |
| 700 | 1 | |a Mucska, Matej | |
| 700 | 1 | |a Papay, Zdenko | |
| 700 | 1 | |a Valenčík, Tomáš | |